| 000 | 00433nam a22001337a 4500 | ||
|---|---|---|---|
| 082 |
_a625.7 _bDEP _cL-15, P-26 |
||
| 100 |
_aHer majesty's stationery office _943276 |
||
| 245 |
_aRoad research road note no 10 _cHer majesty's stationery office |
||
| 260 |
_aU.S.A _bStationery office publication _c1951 |
||
| 300 |
_a11p.: _bill.; _c24cm. |
||
| 526 |
_a0 _b0 _c0 _d625_700000000000000_DEP |
||
| 650 |
_aNUST / MCE _926909 |
||
| 942 |
_2ddc _cBK |
||
| 999 |
_c547376 _d547376 |
||